| 000 | 00759nam a2200229 a 4500 | ||
|---|---|---|---|
| 001 | BRCA_5841 | ||
| 005 | 20190320205232.0 | ||
| 008 | 140311t1951----mx-ad#####---o000-0#spa-# | ||
| 041 | _aspa | ||
| 044 | _amx | ||
| 050 | 4 |
_aHJ803 _b.B46 _c1951 |
|
| 245 | 1 | 0 |
_aTres años (1947-1948-1949) de política hacendaria _bPerspectiva y Acción _cpor Ramón Beteta. |
| 260 |
_aMéxico _bSecretaría de Hacienda y Crédito Público. _c1951 |
||
| 300 |
_a505 p. _b8 cuadros. _c23 cm. |
||
| 500 | _aÍndice general; tablas de ingresos y egresos. | ||
| 500 | _aH102 | ||
| 650 | 1 | 4 |
_aFinanzas públicas _zMéxico _914791 |
| 651 | 4 |
_aMéxico _vPolítica Económica. _914792 |
|
| 710 | 2 |
_aSecretaría de Hacienda y Crédito Público _914793 |
|
| 902 | _aGFM | ||
| 942 |
_2lcc _cB |
||
| 999 |
_c5530 _d5530 |
||